00997nam a2200265Ia 450000500170000000800410001702000150005804100080007310000460008124501190012725000220024626400330026830000410030133600270034233700330036933800280040249000280043065000320045865000440049065100400053470000540057470000560062804000350068408400120071920220316235337.0121119s2002 ck a gr 000 p spa  a95830067260 aspa1 aErcilla y Zuñiga, Alonso de,d1533-159413aLa AraucanacAlonso de Ercilla ; ensayo, introducción y notas de Betty Osorio García, Angela Inés Robledo P. aPrimera edición 1aBogotábPanamericanac2002 a796 páginasbilustracionesc23 cm. atextobtxt2rdacontent asin mediaciónbn2rdamedia avolumenbnc2rdacarrier0 aLetras latinoamericanas142LEMBaPoesí­a española142LEMBaIndí­genas de ChilexPoesías 4aChilexHistoriayColonia, 1561-18101 aOsorio García, Betty eautor de introducción1 aRobledo P., Angela Inés eautor de introducción aCO-BoRNBPbspaerdacCO-BoRNBP aP ERC1